000 00210 a2200109 4500
020 _a9780140542530
041 _aspa
100 _aLeaf, Munro
245 _aEl cuento de Ferdinando
942 _cBK
952 _71
999 _c25379
_d25379